000 00978nam a22002297a 4500
005 20240103150624.0
008 231204b ||||| |||| 00| 0 eng d
040 _cAL
041 _akan
082 _223
_aK894.1
_bSABP
100 _aSabiha Bhoomigowda: ಸಬಿಹಾ ಭೂಮಿಗೌಡ Ed
_9147188
245 _aPayaswini: ಪಯಸ್ವಿನಿ
260 _aMangaluru
_bPrasaranga Mangalore University
_c2014
300 _axii,126p.
_bPB
_c21x13cm.
365 _2Kannada
_a063-65
_b50.00
_c
_d50.00
440 _aMangala Patyapustaka Malike: ಮಂಗಳ ಪಠ್ಯಪುಸ್ತಕ ಮಾಲಿಕೆ 56
_9144127
650 _aKannada Poetry: ಕನ್ನಡ ಪದ್ಯ
_9144117
650 _aKannada Literature: ಕನ್ನಡ ಸಾಹಿತ್ಯ
_9144118
700 _aBHOOMIGOWDA (Sabhiha): ಭೂಮಿಗೌಡ (ಸಬಿಹಾ) Ed
_9144119
700 _aGOWDA (Nagappa R): ಗೌಡ (ಆರ್ ನಾಗಪ್ಪ) Ed
_9144120
942 _2ddc
_cDB
999 _c229359
_d229359